Govt. of
Madhya Pradesh

Encyclopedic Dictionary of Information Communication Technology (Record no. 59726)

MARC details
000 -LEADER
fixed length control field 00408nam a22001457a 4500
003 - CONTROL NUMBER IDENTIFIER
control field MACL,
005 - DATE AND TIME OF LATEST TRANSACTION
control field 20190508163319.0
008 - FIXED-LENGTH DATA ELEMENTS--GENERAL INFORMATION
fixed length control field 190508b xxu||||| |||| 00| 0 eng d
040 ## - CATALOGING SOURCE
Transcribing agency MACL,
100 ## - MAIN ENTRY--PERSONAL NAME
Personal name Goel, Sushil Kumar
9 (RLIN) 74822
245 ## - TITLE STATEMENT
Title Encyclopedic Dictionary of Information Communication Technology
260 ## - PUBLICATION, DISTRIBUTION, ETC. (IMPRINT)
Place of publication, distribution, etc. Jaipur
Name of publisher, distributor, etc. Khandelwal Pub
Date of publication, distribution, etc. 2016
650 ## - SUBJECT ADDED ENTRY--TOPICAL TERM
Topical term or geographic name as entry element Technology
9 (RLIN) 74823
942 ## - ADDED ENTRY ELEMENTS (KOHA)
Source of classification or shelving scheme
Koha item type Books
Holdings
Withdrawn status Lost status Source of classification or shelving scheme Damaged status Not for loan Home library Current library Date acquired Cost, normal purchase price Total Checkouts Full call number Barcode Date last seen Price effective from Koha item type
          MACL MACL 08/05/2019 1500.00   600 CRE035053 02/05/2024 08/05/2019 Books